Managing the time of your life / (Record no. 38782)

MARC details
000 -LEADER
fixed length control field 00800nam a22002177a 4500
005 - DATE AND TIME OF LATEST TRANSACTION
control field 20100802160751.0
010 ## - LCCN (DPL NO)
LC control number ENG-97675
020 ## - INTERNATIONAL STANDARD BOOK NUMBER
International Standard Book Number 9788183221405
Terms of availability 150.00
035 ## - SYSTEM CONTROL NUMBER
System control number EN-81208
037 ## - SOURCE OF ACQUISITION
Source of stock number/acquisition DBAD/PUB
082 ## - DEWEY DECIMAL CLASSIFICATION NUMBER
Classification number 650.1
100 ## - MAIN ENTRY--PERSONAL NAME
Personal name Macdonald, Machen
245 ## - TITLE STATEMENT
Title Managing the time of your life /
Statement of responsibility, etc by Machen Macdonald
260 ## - PUBLICATION, DISTRIBUTION, ETC. (IMPRINT)
Place of publication, distribution, etc Bhopal
Name of publisher, distributor, etc Manjul Publishing House
Date of publication, distribution, etc 2010
270 ## - ADDRESS
Address 2nd Floor, Usha Preet Complex, 42 Malviya Nagar
City Bhopal
Postal code 462003
300 ## - PHYSICAL DESCRIPTION
Extent 155p.
Dimensions 20cm (pbk)
650 ## - SUBJECT ADDED ENTRY--TOPICAL TERM
Topical term or geographic name as entry element Self management (psychology)
650 ## - SUBJECT ADDED ENTRY--TOPICAL TERM
Topical term or geographic name as entry element Time management
942 ## - ADDED ENTRY ELEMENTS (KOHA)
Source of classification or shelving scheme Dewey Decimal Classification
Item type English Books
Classification part 650.1
Call number suffix MAC
Holdings
Withdrawn status Lost status Not for loan Collection code Home library Current library Date acquired Source of acquisition Cost, normal purchase price Full call number Barcode Copy number Cost, replacement price Koha item type
    Not For Loan Non-fiction D.B.Act.Division D.B.Act.Division 02/08/2010 DBAD/PUB 150.00 650.1 MAC EN-81208 1 150.00 English Books

© Delhi Public Library
Hit Counter
free hit counter